Le PS - Statistiques

Statistiques générales
  • Ce quiz a été pris 100 fois
  • Le résultat moyen est 15 sur 25
Statistiques - réponses
indices réponses % Correct
Emblème du parti: La rose
91%
Celui qui le remplace en 1971 François Mitterrand
89%
Et devient président en ... 1981
88%
Quelques (ex)maires de grandes villes socialistes: Jean-Marc Ayrault, Bertrand Delanoë, Gérard Collomb...
83%
Première candidate à arriver au second tour d'une élection présidentielle en 2007 Ségolène Royal
81%
Suite à la défaite du PS en 1986 aux législatives, période de ... jusqu'en 1988 (bis repetita en 1993-1995) cohabitation
78%
Ancien premier secrétaire du PS élu en 2012 François Hollande
78%
Président du PS pendant cette période puis candidat en 1995 et 2002 Lionel Jospin
78%
Siège historique (jusqu'en 2018) Rue de Solférino
74%
Ministre de l'économie, ex membre du PS, devient président en 2017 Emmanuel Macron
71%
Candidat socialiste en 2017, qui remporte le score le plus faible du parti depuis 1969 Benoît Hamon
70%
Ministre à l'origine de cette loi Martine Aubry
69%
Loi pénale importante passée sous le gouvernement socialiste: Abolition de la peine de mort
68%
Traité européen, soutenu par le gouvernement, qui créé des différends au sein du PS (1992). Traité de Maastricht
68%
Ancien nom, avant 1969 SFIO (Section Française de l'internationale ouvrière)
65%
Membre influent du PS touché par un scandale en 2011 Dominique Strauss-Kahn
63%
Dates de la cohabitation socialiste sous Chirac. 1997-2002
53%
Loi sur le travail importante à cette époque: 35 heures
51%
Cadre important du PS "dissident" et opposant à ce traité (qui fonde le mouvement des citoyens). Jean-Pierre Chevènement
45%
Ministre (et maire de Marseille) qui donne son nom à une loi de décentralisation Gaston Defferre
43%
Loi sociétale adoptée dès 2013, qui suscita beaucoup d'oppositions Adoption du mariage homosexuel.
40%
Ce dernier prend la tête du PS au congrès d'E... Epinay
40%
Idéologie dominante (aujourd'hui) social-démocratie
29%
Premier premier secrétaire qui sera plus tard à l'origine d'une loi extrêmement impopulaire (qui ne verra pas le jour) sur l'école libre. Alain Savary
24%
Nom du programme présidentiel de ce candidat Les 110 propositions
9%
Aucun quiz correspondant
Distribution des résultats
% des personnes avec chaque résultat
Percentile par nombre de réponses
Votre historique - résultats
Vous n’avez pas pris ce quiz